000 00569nam a2200181Ia 4500
008 151202s9999||||xx |||||||||||||| ||und||
082 _bPNVM-46147
100 _aपतंगे रमेश.
245 _aअटलजी -खंड-1.
260 _bहिंदुस्थान प्रकाशन सोसायटी.
260 _c2004
300 _a262
600 _aपतंगे रमेश.
630 _aअटलजी -खंड-1.
700 _aपतंगे रमेश.
730 _aअटलजी -खंड-1.
942 _cBOOK
999 _c1312097
_d1312094